Statistics for Colours in Different Languages

Click here to take the quiz!

General Stats

  • This quiz has been taken 122 times
  • The average score is 34 of 48

Answer Stats

ColourEnglish% Correct
1red
99%
1green
99%
1blue
99%
1yellow
99%
1white
98%
1grey
98%
1orange
98%
1brown
97%
1black
97%
1purple
94%
1pink
92%
1blanc
88%
1rouge
82%
1bleu
74%
1 | pinkrosa
73%
1vert
73%
1noir
72%
1rose
71%
1 | greygris
70%
blacknegro
69%
1marron
69%
1rot
68%
whiteblanco
68%
greenverde
67%
1violet
67%
1blau
65%
1schwarz
63%
redrojo
62%
11weiß
61%
1braun
60%
1grün
60%
blueazul
59%
11jaune
58%
brownmarrón
56%
orangenaranja
52%
yellowamarillo
52%
1gelb
50%
1turquoise
50%
1grau
47%
1violett
40%
purplelila
31%
1türkis
14%
turqturquesa
13%

Score Distribution

Percentile by Number Answered

Percent of People with Each Score

Your Score History

You have not taken this quiz